<?xml version="1.0" encoding="UTF-8"?>
<record
    xmlns:xsi="http://www.w3.org/2001/XMLSchema-instance"
    xsi:schemaLocation="http://www.loc.gov/MARC21/slim http://www.loc.gov/standards/marcxml/schema/MARC21slim.xsd"
    xmlns="http://www.loc.gov/MARC21/slim">

  <leader>00711nam a22002537a 4500</leader>
  <controlfield tag="005">20170123162321.0</controlfield>
  <datafield tag="010" ind1=" " ind2=" ">
    <subfield code="a">734820</subfield>
  </datafield>
  <datafield tag="020" ind1=" " ind2=" ">
    <subfield code="c">5.00</subfield>
  </datafield>
  <datafield tag="035" ind1=" " ind2=" ">
    <subfield code="a">734820</subfield>
  </datafield>
  <datafield tag="037" ind1=" " ind2=" ">
    <subfield code="b">Cen Lib/Ret</subfield>
  </datafield>
  <datafield tag="040" ind1=" " ind2=" ">
    <subfield code="a">DPL</subfield>
    <subfield code="b">UR</subfield>
  </datafield>
  <datafield tag="082" ind1=" " ind2=" ">
    <subfield code="a">847</subfield>
    <subfield code="b">&#x639; &#x628; &#x62F;  </subfield>
  </datafield>
  <datafield tag="100" ind1=" " ind2=" ">
    <subfield code="a">&#x639;&#x628;&#x62F;&#x644; &#x63A;&#x641;&#x648;&#x631; </subfield>
    <subfield code="9">117370</subfield>
  </datafield>
  <datafield tag="245" ind1=" " ind2=" ">
    <subfield code="a">&#x644;&#x627;&#x644; &#x632;&#x627;&#x631; /</subfield>
    <subfield code="c">&#x639;&#x628;&#x62F;&#x644; &#x63A;&#x641;&#x648;&#x631;  </subfield>
  </datafield>
  <datafield tag="246" ind1=" " ind2=" ">
    <subfield code="a">Lal zar /</subfield>
    <subfield code="b">by ABdul Ghafoor </subfield>
  </datafield>
  <datafield tag="260" ind1=" " ind2=" ">
    <subfield code="b">&#x645;&#x648;&#x62D;&#x645;&#x62F; &#x642;&#x631;&#x628;&#x627;&#x646; &#x644;&#x627;&#x644;&#x6CC; &#x648;&#x627;&#x644;&#x627; </subfield>
  </datafield>
  <datafield tag="270" ind1=" " ind2=" ">
    <subfield code="a"> </subfield>
  </datafield>
  <datafield tag="300" ind1=" " ind2=" ">
    <subfield code="a">196p.</subfield>
    <subfield code="c">19cm(Hb)</subfield>
  </datafield>
  <datafield tag="650" ind1=" " ind2=" ">
    <subfield code="a"> &#x627;&#x62F;&#x628; - &#x627;&#x631;&#x62F;&#x648;</subfield>
    <subfield code="9">117371</subfield>
  </datafield>
  <datafield tag="650" ind1=" " ind2=" ">
    <subfield code="a">&#x627;&#x631;&#x62F;&#x648; &#x646;&#x627;&#x648;&#x644;   </subfield>
    <subfield code="9">547</subfield>
  </datafield>
  <datafield tag="650" ind1=" " ind2=" ">
    <subfield code="a">Literature -- Urdu </subfield>
    <subfield code="9">117372</subfield>
  </datafield>
  <datafield tag="650" ind1=" " ind2=" ">
    <subfield code="a">Urdu novel</subfield>
    <subfield code="9">117373</subfield>
  </datafield>
  <datafield tag="942" ind1=" " ind2=" ">
    <subfield code="2">ddc</subfield>
    <subfield code="c">UR</subfield>
    <subfield code="h">847</subfield>
    <subfield code="m">&#x639; &#x628; &#x62F;  </subfield>
  </datafield>
  <datafield tag="999" ind1=" " ind2=" ">
    <subfield code="c">107127</subfield>
    <subfield code="d">107127</subfield>
  </datafield>
  <datafield tag="952" ind1=" " ind2=" ">
    <subfield code="0">0</subfield>
    <subfield code="1">0</subfield>
    <subfield code="4">0</subfield>
    <subfield code="7">0</subfield>
    <subfield code="a">L</subfield>
    <subfield code="b">L</subfield>
    <subfield code="d">2016-01-02</subfield>
    <subfield code="e">Cen Lib/Ret</subfield>
    <subfield code="g">5.00</subfield>
    <subfield code="l">0</subfield>
    <subfield code="o">847 &#x639; &#x628; &#x62F;</subfield>
    <subfield code="p">734820</subfield>
    <subfield code="r">2016-01-02 00:00:00</subfield>
    <subfield code="t">1</subfield>
    <subfield code="v">5.00</subfield>
    <subfield code="w">2016-01-02</subfield>
    <subfield code="y">UR</subfield>
  </datafield>
</record>
